00727nam a22002537a 4500003000500000005001700005008004100022010000900063011000900072035000900081040000900090082001600099100002000115245005200135260005900187300001900246490003600265500001100301650001400312650004300326700001800369710005100387830003500438CHAP20220817040850.0971013s1986 r 00010 d a1711 a2683 a1878 cCHAP a631.521bM200aMcDonald, M. B. aPhysiology of seed deteriorationb: proceedings aMadison, Wis :bCrop Science Society of America,c1986 a123 p.b: ilus aCSSA. Special publicationv; 11 a42-23614aSemillas.14aSemillasxFisiología y morfología.0 aNelson, C. J.0 aCrop Science Society of America. Madison, Wis.0 aCSSA Special publicationv; 11